拼音以L开头的中国城市 Chinese cities whose pinyin begins with L - Statistics

General Stats
  • This quiz has been taken 83 times
  • The average score is 40 of 67
Answer Stats
七普人口 DWUA 省份 行政类别 城市 % Correct
55 西藏 地级市 拉萨
98%
289 298 甘肃 地级市 兰州
98%
70 四川 地级市 乐山
95%
23 云南 地级市 丽江
95%
66 72 河北 地级市 廊坊
93%
100 65 四川 地级市 泸州
92%
199 208 河南 地级市 洛阳
92%
41 浙江 地级市 丽水
90%
6 西藏 地级市 林芝
90%
247 191 山东 地级市 临沂
89%
40 广西 地级市 来宾
87%
20 云南 地级市 临沧
87%
206 123 广西 地级市 柳州
87%
74 69 辽宁 地级市 辽阳
85%
109 64 山东 地级市 聊城
84%
67 63 山西 地级市 临汾
84%
82 92 安徽 地级市 六安
84%
102 88 江苏 地级市 连云港
80%
41 吉林 地级市 辽源
80%
71 67 贵州 地级市 六盘水
80%
73 51 福建 地级市 龙岩
80%
54 湖南 地级市 娄底
79%
66 92 河南 地级市 漯河
79%
33 山西 地级市 吕梁
77%
19 甘肃 地级市 陇南
74%
31 甘肃 县级市 临夏
69%
33 山东 县级市 莱阳
66%
30 山东 县级市 莱州
66%
32 山东 县级市 莱西
61%
43 河南 县级市 林州
61%
31 湖南 县级市 浏阳
57%
25 浙江 县级市 兰溪
54%
27 四川 县级市 阆中
54%
25 广东 县级市 雷州
52%
35 江苏 县级市 溧阳
51%
42 浙江 县级市 临海
51%
37 山东 县级市 龙口
49%
35 湖南 县级市 醴陵
48%
21 湖南 县级市 冷水江
46%
8 吉林 县级市 临江
46%
48 湖南 县级市 耒阳
44%
14 广东 县级市 连州
44%
15 浙江 县级市 龙泉
44%
17 湖南 县级市 临湘
43%
24 江西 县级市 乐平
41%
27 湖北 县级市 利川
41%
25 广东 县级市 廉江
41%
43 浙江 县级市 龙港
41%
7 云南 县级市 泸水
41%
24 广东 县级市 罗定
41%
14 宁夏 县级市 灵武
39%
9 江西 县级市 庐山
39%
22 广东 县级市 陆丰
39%
36 山东 县级市 临清
38%
17 湖南 县级市 涟源
36%
10 广东 县级市 乐昌
34%
9 吉林 县级市 龙井
34%
21 河南 县级市 灵宝
33%
14 辽宁 县级市 凌海
33%
17 山东 县级市 乐陵
31%
21 辽宁 县级市 凌源
31%
19 江西 县级市 龙南
31%
19 湖北 县级市 老河口
28%
19 河北 县级市 滦州
28%
9 广西 县级市 荔浦
25%
20 四川 县级市 隆昌
25%
暂无数据 云南 县级市 禄丰
25%
No matching quizzes found
Score Distribution
Percent of People with Each Score
Percentile by Number Answered
Your Score History
You have not taken this quiz